Alle Trainer der Deutschen Nationalmannschaft - Statistiken

Allgemein
  • Dieses Quiz wurde 250 mal gespielt
  • Das Durchschnittsergebnis liegt bei 9 aus 12
Antwortstatistiken
Zeitraum Antwort % Korrekt
2006-2021 Joachim Löw
100%
2021-2023 Hansi Flick
97%
2023- Julian Nagelsmann
97%
1984-1990 Franz Beckenbauer
93%
2004-2006 Jürgen Klinsmann
93%
2000-2004 Rudi Völler
80%
1990-1998 Berti Vogts
65%
1936-1964 Sepp Herberger
61%
1964-1978 Helmut Schön
56%
1998-2000 Erich Ribbeck
53%
1978-1984 Jupp Derwall
35%
1926-1936 Otto Nerz
21%
Keine übereinstimmenden Quizze gefunden
Verteilung der Resultate
Anzahl Personen mit jedem Resultat
Perzentil nach korrekt beantworteten Fragen
Ihre Resultats-Entwicklung
Sie haben dieses Quiz noch nicht gespielt